01094nam a2200193Ia 4500001001100000003001000011008004100021040002500062041001300087100003200100245007600132250001100208260006100219300002600280500023300306501011400539520023300653650001400886L268-21639IT-CnALBA170116s9999||||xx |||||||||||||| ||und|| aIT-CnALBAcIT-CnALBA aITALIANO aRABINO T., SACERDOTE ALBESE 0aLA DOTTRINA CRISTIANA. CORSO MEDIO DI RELIGIONE. PARTE III: LA GRAZIA.  a1a ed. a ALBA - ASTI - TObLA TIPOGRAFICA c1926 [1° Ed.: n.d.] a30 p. (prefazione: 3) aI SACRAMENTI: BATTESIMO, CRESIMA O CONFERMAZIONE, EUCARISTIA: COMUNIONE, S. MESSA. CONFESSIONE O PENITENZA. DOLORE. INDULGENZE. UNZIONE DEGLI INFERMI. ORDINE SACRO. MATRIMONIO. L'ORAZIONE DOMENICALE. MADONNA, ANGELI E SANTI. I ' aSocietà San Paolo EM - Piazza San Paolo, 14 - 12051 ALBA (CN) (non commercial uses only) ® Copyright 2017 aI SACRAMENTI: BATTESIMO, CRESIMA O CONFERMAZIONE, EUCARISTIA: COMUNIONE, S. MESSA. CONFESSIONE O PENITENZA. DOLORE. INDULGENZE. UNZIONE DEGLI INFERMI. ORDINE SACRO. MATRIMONIO. L'ORAZIONE DOMENICALE. MADONNA, ANGELI E SANTI. I ' aCATECHESI